Pour enseigner la philosophie des mathématiques: eléments de réflexion sur le raisonnement de validation, les géométries non-euclidiennes, les nombre, l'algèbre, les notions statiques et leurs transformations, les fonctions continues et les fonctions discontinues, les structures, le calcul vectorial

Guardat en:
Dades bibliogràfiques
Autor corporatiu: Groupe Philo-Math (Autor)
Format: Llibre
Idioma:francès
Publicat: París IREM 2003
Matèries:
Etiquetes: Afegir etiqueta
Sense etiquetes, Sigues el primer a etiquetar aquest registre!

MARC

LEADER 00000nam a2200000 a 4500
001 UCL2918
003 CL-VaPUC
008 031107e20030000FR |||||||||||||||||fre|d
020 |a 2911446216 
082 0 4 |a 510.1  |b GRO  |2 21 
110 2 |a Groupe Philo-Math  |e author  |9 480113 
245 1 0 |a Pour enseigner la philosophie des mathématiques: eléments de réflexion sur le raisonnement de validation, les géométries non-euclidiennes, les nombre, l'algèbre, les notions statiques et leurs transformations, les fonctions continues et les fonctions discontinues, les structures, le calcul vectorial 
300 |a 163 p 
942 |c BK 
945 |d 20031107 00:00:00  |a cmena 
260 |a París  |b IREM  |c 2003 
650 0 |a Filosofía de las matemáticas   |9 265233 
650 0 |a Matemática  |9 260235 
650 0 |a Filosofía de las ciencias  |9 256466 
583 |a last modification  |c 20031107 00:00:00  |k Rodrigo Vera 
999 |c 306085  |d 306083 
952 |0 0  |1 0  |4 0  |6 510_100000000000000_GRO_2003  |7 0  |8 A  |9 370801  |a BIBMAT  |b BIBMAT  |c E_DIDACT  |d 2019-11-21  |i 3960692  |o 510.1 GRO 2003  |p 3960692  |r 2025-01-07  |w 2019-11-21  |y BK  |k MAT